SV Werder Bremen 22/23 squad - Statistics

General Stats
  • This quiz has been taken 251 times
    45 since last reset
  • The average score is 18 of 27
Answer Stats
# Player % Correct
1 Jiri Pavlenka
97%
7 Marvin Ducksch
97%
10 Leonardo Bittencourt
95%
11 Niclas Füllkrug
92%
5 Amos Pieper
89%
4 Niklas Stark
89%
32 Marco Friedl
87%
8 Mitchell Weiser
87%
13 Miloš Veljković
84%
20 Romano Schmid
84%
30 Michael Zetterer
82%
3 Anthony Jung
79%
36 Christian Groß
79%
Coach Ole Werner
79%
6 Jens Stage
76%
22 Niklas Schmidt
76%
27 Felix Agu
71%
21 Eren Dinkci
53%
28 Ilia Gruev
53%
26 Lee Buchanan
50%
34 Jean Manuel Mbom
47%
38 Eduardo dos Santos Haesler
45%
37 Mio Backhaus
37%
39 Fabio Chiarodia
34%
19 Dikeni Salifou
29%
17 Maximilian Philipp
29%
40 Louis Lord
18%
No matching quizzes found
Score Distribution
Percent of People with Each Score
Percentile by Number Answered
Your Score History
You have not taken this quiz since the last reset